000 00682 a2200205 4500
999 _c8873
_d8873
020 _a9781408253618 (pbk.)
020 _a1408253615 (pbk.)
050 0 0 _aKF801 RIC 2011
100 1 _aRichards, Paul,
_d1951-
245 1 0 _aLaw of contract /
_cPaul Richards.
250 _a10th ed.
264 _aHarlow:
_bPearson.,
_c2011
300 _axl, 592 p. :
_bill. ;
500 _aIncludes bibliographical references and index.
504 _aIncludes bibliographical references and index.
650 0 _aContracts
856 4 1 _3Table of contents only
_uhttp://www.loc.gov/catdir/toc/fy12pdf02/2010053166.html
942 _2lcc
_cBK
_h801
_iRIC
_kKF